Windows NT enterprise mang diện rộng
Nội dung sách giới thiệu tổng quan về mạng, xây dựng hệ thống. Đảm bảo độ tin cậy với hệ thống dực phòng, quản trị mạng, nối kết máy khách mạng, hệ thống tên vùng, các dịch vụ internet, bảo mật, điều chỉnh và xử ls sự cố. Thử nghiẹ...
Shranjeno v:
| Format: | Knjiga |
|---|---|
| Jezik: | Undetermined |
| Izdano: |
Hà Nội
Thống Kê
2000
|
| Teme: | |
| Oznake: |
Označite
Brez oznak, prvi označite!
|
| Thư viện lưu trữ: | Trung tâm Học liệu Trường Đại học Cần Thơ |
|---|
| LEADER | 01003nam a2200181Ia 4500 | ||
|---|---|---|---|
| 001 | CTU_232173 | ||
| 008 | 210402s9999 xx 000 0 und d | ||
| 082 | |a 004.36 | ||
| 082 | |b W765 | ||
| 245 | 0 | |a Windows NT enterprise mang diện rộng | |
| 245 | 0 | |c Biên dịch và tông hợp: VN-Guide | |
| 260 | |a Hà Nội | ||
| 260 | |b Thống Kê | ||
| 260 | |c 2000 | ||
| 520 | |a Nội dung sách giới thiệu tổng quan về mạng, xây dựng hệ thống. Đảm bảo độ tin cậy với hệ thống dực phòng, quản trị mạng, nối kết máy khách mạng, hệ thống tên vùng, các dịch vụ internet, bảo mật, điều chỉnh và xử ls sự cố. Thử nghiệm mạng và hoạch định năng suats, hoạch đinh Windows NT 5.0 ... | ||
| 650 | |a Hệ điều hành Microsoft Windows NT,Microsoft Windows NT | ||
| 910 | |b dqhieu | ||
| 980 | |a Trung tâm Học liệu Trường Đại học Cần Thơ | ||